| LEADER | 00509nam a2200193Ia 4500 | ||
|---|---|---|---|
| 001 | CTU_81484 | ||
| 008 | 210402s9999 xx 000 0 und d | ||
| 082 | |a 540 | ||
| 082 | |b B596 | ||
| 100 | |a Billmeyer, Fred W. | ||
| 245 | 0 | |a Textbook of Polymer Chemistry | |
| 245 | 0 | |c Fred W. Billmeyer | |
| 260 | |a London | ||
| 260 | |b Interscience Publishers Ltd. | ||
| 260 | |c 1957 | ||
| 650 | |a Science | ||
| 650 | |x Yearbooks | ||
| 904 | |i Trọng Hải | ||
| 980 | |a Trung tâm Học liệu Trường Đại học Cần Thơ | ||